Pravidlá pre preberanie plynovodných prípojok od cudzích investorov do vlastníctva štátu a správy SPP

Bibliographic Details
Main Author: Smrtník, Ladislav (Author)
Format: Article
Language:Slovak
ISBN:8096747584

MARC

LEADER 00000naa a2200000uu 4500
001 vtls010959235
003 SK-MaSNL
005 20260302120703.0
008 210905|1998 xo |||||||||||||||||slo|
015 |a SNBRA 
035 |a (urnnbn)urn:nbn:sk:snk:ar-a0bqdm 
035 |a (uuid)c4ade35a-558c-4054-ac80-0cd58295908f 
035 |a urn:nbn:sk:snk-aaui2v 
040 |a SNKBUCL  |b slo  |c SNKBUCL  |e AACR2 
041 0 |a slo 
044 |a xo  |c SK 
100 1 |a Smrtník, Ladislav  |4 aut  |9 801651 
245 1 0 |a Pravidlá pre preberanie plynovodných prípojok od cudzích investorov do vlastníctva štátu a správy SPP  |c Ladislav Smrtník 
773 0 |t Prevádzka a údržba plynárenských zariadení v SPP, š.p  |d Bratislava : Slovenský plynárenský a naftový zväz], 1998, 1998  |g S. 1-10  |z 8096747584 
958 |a OND 
958 |a article11 
958 |a chapter 
999 |c 1270713  |d 1272643